[Event "Mersin op 6th"]
[Site "Mersin"]
[Date "2022.09.10"]
[Round "9"]
[White "Atabayev, Saparmyrat"]
[Black "Isik, Engin Yasar"]
[Result "1-0"]
[WhiteElo "2432"]
[BlackElo "2177"]
[PlyCount "141"]
[EventDate "2022.09.04"]
[EventType "swiss"]
[EventRounds "9"]
[EventCountry "TUR"]
[SourceTitle "CBM 210 Extra"]
[Source "ChessBase"]
[SourceDate "2022.11.30"]
[SourceVersion "1"]
[SourceVersionDate "2022.11.30"]
[SourceQuality "1"]

1. e4 e6 2. d4 d5 3. Nc3 dxe4 4. Nxe4 Nd7 5. Nf3 Ngf6 6. Nxf6+ Nxf6 7. Be3 Be7 8. Bd3 b6 9. Ne5 Bb7 10. Bb5+ c6 11. Qf3 cxb5 12. Qxb7 Qc8 13. Qf3 0-0 14. c3 Bd6 15. 0-0 Qc7 16. Bf4 Nd5 17. Bg3 Bxe5 18. Bxe5 Qd7 19. Rfe1 Rac8 20. Rac1 Rc6 21. Re4 f6 22. Bg3 f5 23. Re5 Ne7 24. Rxb5 a6 25. Rb3 f4 26. Bh4 Nf5 27. Bg5 h6 28. Qxf4 Qd5 29. Re1 hxg5 30. Qxg5 b5 31. h3 Rf6 32. Re5 Qd6 33. Rb4 Ne7 34. a4 Rg6 35. Qh5 Rc4 36. Rxc4 bxc4 37. Qe2 Qc6 38. f3 Nd5 39. Qe4 Rf6 40. Rh5 Ne7 41. Qxc6 Nxc6 42. Rc5 Ne7 43. Rxc4 Rf5 44. Kf2 Kf7 45. b4 Rd5 46. f4 Rd6 47. Kf3 Nd5 48. Rc5 Ke7 49. Ke4 Kd7 50. b5 a5 51. g4 Nb6 52. Rg5 Nxa4 53. Rxg7+ Kc8 54. c4 Rd7 55. Rg8+ Kb7 56. Re8 Rc7 57. c5 Nc3+ 58. Kd3 Nd5 59. f5 exf5 60. gxf5 Rh7 61. Kc4 Nf6 62. Re6 Rf7 63. d5 Nxd5 64. Kxd5 Rxf5+ 65. Kd6 Rf3 66. Re7+ Kb8 67. b6 a4 68. c6 Rd3+ 69. Kc5 Rc3+ 70. Kb5 Rb3+ 71. Ka6 1-0

[Event "Mersin op 6th"]
[Site "Mersin"]
[Date "2022.09.07"]
[Round "6"]
[White "Baradaran Tamadon, Arian"]
[Black "Isik, Engin Yasar"]
[Result "0-1"]
[WhiteElo "2120"]
[BlackElo "2177"]
[PlyCount "143"]
[EventDate "2022.09.04"]
[EventType "swiss"]
[EventRounds "9"]
[EventCountry "TUR"]
[SourceTitle "CBM 210 Extra"]
[Source "ChessBase"]
[SourceDate "2022.11.30"]
[SourceVersion "1"]
[SourceVersionDate "2022.11.30"]
[SourceQuality "1"]

1. e4 e6 2. d4 d5 3. Nc3 dxe4 4. Nxe4 Nd7 5. Nf3 Ngf6 6. Nxf6+ Nxf6 7. Be3 Be7 8. Bd3 b6 9. Qe2 Bb7 10. 0-0-0 0-0 11. Bg5 h6 12. Bh4 c5 13. Ba6 Bxa6 14. Qxa6 Nd5 15. Bg3 Nb4 16. Qa4 Qc8 17. a3 Nd5 18. c4 cxd4 19. Kb1 Nf6 20. Nxd4 Re8 21. Rhe1 Qb7 22. Qc6 Qxc6 23. Nxc6 Rac8 24. Nxe7+ Rxe7 25. b3 Rb7 26. a4 a6 27. Kb2 b5 28. cxb5 axb5 29. axb5 Rxb5 30. Rc1 Rd8 31. Red1 Nd5 32. Rd4 Rd7 33. Rc8+ Kh7 34. Rb8 Ra5 35. Ra4 Rc5 36. Rc4 Ra5 37. Rc1 Rda7 38. b4 Ra2+ 39. Kb3 f5 40. Be5 R7a3+ 41. Kc4 Rxf2 42. g3 Re2 43. Ba1 Ra7 44. Kb5 Rxh2 45. Bd4 Rd7 46. Bc5 Rg2 47. Kc6 Rf7 48. Kd6 Nc7 49. Rc3 Rd2+ 50. Kc6 Nd5 51. Rb3 e5 52. b5 Rf6+ 53. Kd7 Nb6+ 54. Ke7 Rd7+ 55. Ke8 Re6+ 56. Kf8 Na4 57. Be3 f4 58. gxf4 exf4 59. Bxf4 Rd5 60. Rb7 Rf5+ 61. Rf7 Rxf7+ 62. Kxf7 Rf6+ 63. Ke7 Rxf4 64. b6 Nxb6 65. Rxb6 g5 66. Ke6 h5 67. Ke5 h4 68. Ra6 h3 69. Rb6 h2 70. Rb1 Kg6 71. Rh1 Rf2 72. Ke4 0-1

[Event "Mersin op 3rd"]
[Site "Mersin"]
[Date "2018.09.15"]
[Round "9"]
[White "Koksal, Ege"]
[Black "Isik, Engin Yasar"]
[Result "1-0"]
[WhiteElo "2367"]
[BlackElo "2171"]
[PlyCount "275"]
[EventDate "2018.09.09"]
[EventType "swiss"]
[EventRounds "9"]
[EventCountry "TUR"]
[SourceTitle "CBM 186 Extra"]
[Source "ChessBase"]
[SourceDate "2018.08.24"]
[SourceVersion "1"]
[SourceVersionDate "2018.08.24"]
[SourceQuality "1"]

1. d4 Nf6 2. c4 g6 3. Nc3 Bg7 4. e4 d6 5. Nf3 0-0 6. Be2 e5 7. d5 a5 8. h3 Nh5 9. g3 Na6 10. Bg5 Qe8 11. Nd2 Nc5 12. Nb5 f6 13. Nxc7 Qd8 14. Nxa8 fxg5 15. Qc2 Bd7 16. Nb3 Qxa8 17. Nxc5 dxc5 18. Bg4 Qc8 19. Qe2 Nf6 20. Bxd7 Qxd7 21. g4 Ne8 22. f3 Nd6 23. a4 Qc7 24. 0-0 Qb6 25. Rfc1 Qb4 26. Rc3 Bf6 27. Qc2 Qb6 28. Kg2 Qc7 29. Re1 Bd8 30. Rf1 Qf7 31. Qe2 b6 32. b3 Kg7 33. Rcc1 Qf4 34. Rce1 Qf6 35. Rd1 Be7 36. Rde1 Rd8 37. Rd1 Qf4 38. Rde1 Nf7 39. Qe3 Bd6 40. Re2 Kf6 41. Qf2 Rf8 42. Rfe1 Kg7 43. Qg3 Qf6 44. Qf2 Nh6 45. Qg3 Ng8 46. Rf1 Qe7 47. Ree1 Nf6 48. Qf2 Nd7 49. Re2 Nb8 50. Qe3 Na6 51. Ref2 Qf6 52. Re1 Nb4 53. Rfe2 Qe7 54. Rf1 Rf4 55. Qc3 Qf8 56. Qe3 Kf6 57. Rd2 Ke7 58. Qe1 Kd7 59. Qg3 Kc7 60. Rh1 Rf7 61. Re1 Qe7 62. Rf1 Qf6 63. Re1 Bf8 64. Red1 Kd6 65. Re2 Bg7 66. Qf2 Qf4 67. Qg3 Bf6 68. Rdd2 h5 69. Rd1 h4 70. Qf2 Bd8 71. Red2 Rb7 72. Re2 b5 73. axb5 Ra7 74. Rg1 a4 75. bxa4 Rxa4 76. Qe3 Qxe3 77. Rxe3 Nc2 78. Rb3 Ra2 79. Kh1 Nd4 80. Rbb1 Nxf3 81. Rg2 Rxg2 82. Kxg2 Nd2 83. Rc1 Nxe4 84. Ra1 Bb6 85. Ra8 Nd2 86. Ra4 Kc7 87. Kf2 Ne4+ 88. Ke3 Nd6 89. Kd3 e4+ 90. Kc3 Kb7 91. Ra1 Bd8 92. Ra6 Bf6+ 93. Kc2 Be5 94. Ra4 Bg3 95. Kd2 Bf4+ 96. Ke2 Nc8 97. Ra6 Nb6 98. d6 Bxd6 99. Ke3 Nxc4+ 100. Kxe4 Nb6 101. Ra2 Bf4 102. Kd3 Be5 103. Ke4 Bg3 104. Kd3 Kc7 105. Ke4 c4 106. Ra6 Bf2 107. Ra7+ Kd6 108. Rg7 Kc5 109. Rxg6 Kxb5 110. Rxg5+ Kb4 111. Rf5 Be1 112. g5 Bc3 113. g6 Nd7 114. Kd5 Nf6+ 115. Ke6 Ng8 116. Rf8 Nh6 117. Kd5 Bd2 118. Rb8+ Kc3 119. Rc8 Kd3 120. Rxc4 Nf5 121. Rc7 Bc3 122. Rf7 Ng7 123. Rf3+ Kd2 124. Rf4 Ke3 125. Rxh4 Bf6 126. Rg4 Kf3 127. Kd6 Bb2 128. Ke7 Nh5 129. Rg1 Bd4 130. Rd1 Bb2 131. Rd2 Ba1 132. Ra2 Bd4 133. Ra4 Bb2 134. Ra2 Bd4 135. Kf7 Kg3 136. Ra3+ Kg2 137. h4 Kh2 138. Ra5 1-0

[Event "Mersin op 3rd"]
[Site "Mersin"]
[Date "2018.09.14"]
[Round "8"]
[White "Isik, Engin Yasar"]
[Black "Khodashenas, Mersad"]
[Result "0-1"]
[WhiteElo "2171"]
[BlackElo "2452"]
[PlyCount "84"]
[EventDate "2018.09.09"]
[EventType "swiss"]
[EventRounds "9"]
[EventCountry "TUR"]
[SourceTitle "CBM 186 Extra"]
[Source "ChessBase"]
[SourceDate "2018.08.24"]
[SourceVersion "1"]
[SourceVersionDate "2018.08.24"]
[SourceQuality "1"]

1. d4 Nf6 2. c4 e6 3. Nc3 Bb4 4. e3 0-0 5. Nge2 d5 6. a3 Be7 7. Ng3 Nbd7 8. cxd5 exd5 9. Qf3 c6 10. Nf5 Re8 11. Nxe7+ Qxe7 12. Be2 a5 13. 0-0 Nb6 14. Qg3 Bf5 15. f3 Bg6 16. Bd2 Nc8 17. Rfe1 Nd6 18. Bf1 b5 19. Nd1 Nde4 20. fxe4 Nxe4 21. Qf4 Nxd2 22. Rc1 Qb7 23. Nf2 Re6 24. Ng4 Rae8 25. Ne5 Nc4 26. Bxc4 bxc4 27. Nxg6 hxg6 28. Qf2 Qb6 29. Re2 Qb3 30. Rc3 Qd1+ 31. Re1 Qxd4 32. Rf1 Qf6 33. Qd2 Qg5 34. b3 cxb3 35. Rxb3 Rxe3 36. Rb7 f6 37. h4 Qxh4 38. Qxa5 Re1 39. Rb1 Qd4+ 40. Kh2 R1e5 41. Rb3 Rh5+ 42. Rh3 Qe5+ 0-1

[Event "Mersin op 3rd"]
[Site "Mersin"]
[Date "2018.09.10"]
[Round "3"]
[White "Shishkin, Vadim"]
[Black "Isik, Engin Yasar"]
[Result "1-0"]
[WhiteElo "2443"]
[BlackElo "2171"]
[PlyCount "59"]
[EventDate "2018.09.09"]
[EventType "swiss"]
[EventRounds "9"]
[EventCountry "TUR"]
[SourceTitle "CBM 186 Extra"]
[Source "ChessBase"]
[SourceDate "2018.08.24"]
[SourceVersion "1"]
[SourceVersionDate "2018.08.24"]
[SourceQuality "1"]

1. d4 Nf6 2. c4 g6 3. Nc3 Bg7 4. e4 d6 5. Be2 0-0 6. Be3 e5 7. d5 a5 8. g4 Na6 9. h4 Nc5 10. Bf3 Nfd7 11. h5 Nb6 12. Be2 Bd7 13. b3 a4 14. b4 Na6 15. a3 Nc8 16. Qd2 f6 17. f4 exf4 18. Bxf4 Re8 19. 0-0-0 Qe7 20. hxg6 hxg6 21. Nf3 g5 22. Be3 Qf7 23. Nd4 Ne7 24. Rdf1 c5 25. dxc6 Nxc6 26. Ndb5 f5 27. gxf5 Ncxb4 28. f6 Bxf6 29. axb4 Nxb4 30. Bxg5 1-0

[Event "Cesme op 6th"]
[Site "Cesme"]
[Date "2018.06.30"]
[Round "8"]
[White "Rzayev, Bahruz Iqbal Oglu"]
[Black "Isik, Engin Yasar"]
[Result "1-0"]
[WhiteElo "2405"]
[BlackElo "2156"]
[PlyCount "107"]
[EventDate "2018.06.26"]
[EventType "swiss"]
[EventRounds "9"]
[EventCountry "TUR"]
[SourceTitle "CBM 185 Extra"]
[Source "ChessBase"]
[SourceDate "2018.07.29"]
[SourceVersion "1"]
[SourceVersionDate "2018.07.29"]
[SourceQuality "1"]

1. c4 g6 2. Nc3 Bg7 3. g3 d6 4. d4 Nf6 5. Bg2 0-0 6. e3 c6 7. d5 cxd5 8. cxd5 Na6 9. Nge2 Bd7 10. 0-0 b5 11. a3 Rc8 12. h3 Qb6 13. e4 Qb8 14. Be3 Nc7 15. f4 Na8 16. Bd4 Nb6 17. Kh2 a5 18. b3 Rc7 19. Qd3 Nc8 20. a4 b4 21. Nb1 Ne8 22. Nd2 Bxd4 23. Qxd4 Nb6 24. g4 Bc8 25. e5 Ba6 26. Rfe1 Bxe2 27. Rxe2 Rc3 28. Rae1 Nc8 29. Nc4 dxe5 30. fxe5 Qc7 31. Re3 Rxe3 32. Qxe3 Ng7 33. Kh1 f5 34. exf6 Rxf6 35. Ne5 e6 36. Rc1 Qd8 37. Qc5 Rf8 38. dxe6 Ne7 39. Nc6 Nxc6 40. Qxc6 Qe7 41. Qd7 Qg5 42. Rd1 h5 43. e7 Re8 44. Qd5+ Qxd5 45. Bxd5+ Kh7 46. Re1 hxg4 47. hxg4 Rb8 48. Bc6 Ne8 49. Rd1 Rc8 50. Bd7 Rb8 51. Bb5 Rc8 52. Rd8 Rc1+ 53. Kg2 Rc2+ 54. Kf1 1-0

[Event "Cesme op 6th"]
[Site "Cesme"]
[Date "2018.06.27"]
[Round "2"]
[White "Isik, Engin Yasar"]
[Black "Rasulov, Vugar Ural Oglu"]
[Result "0-1"]
[WhiteElo "2156"]
[BlackElo "2516"]
[PlyCount "104"]
[EventDate "2018.06.26"]
[EventType "swiss"]
[EventRounds "9"]
[EventCountry "TUR"]
[SourceTitle "CBM 185 Extra"]
[Source "ChessBase"]
[SourceDate "2018.07.29"]
[SourceVersion "1"]
[SourceVersionDate "2018.07.29"]
[SourceQuality "1"]

1. d4 Nf6 2. c4 b6 3. Nc3 Bb7 4. e3 g6 5. Nf3 Bg7 6. Be2 0-0 7. 0-0 e6 8. Qc2 d6 9. Rd1 Qe7 10. b3 Nbd7 11. Bb2 Rfe8 12. a4 a5 13. Rd2 Nb8 14. Ne1 Na6 15. Qd1 Nb4 16. Bf3 d5 17. cxd5 exd5 18. Ba3 Ne4 19. Bxe4 dxe4 20. Rc1 Rad8 21. Na2 c5 22. Bxb4 cxb4 23. Rb1 Bd5 24. Nc1 Rc8 25. Ne2 Bh6 26. g3 Rc6 27. Ng2 g5 28. g4 Qe6 29. Ng3 Rec8 30. Nf5 Bf8 31. Ne1 Rc3 32. Rdb2 h5 33. h3 h4 34. Kg2 f6 35. Kg1 Qc6 36. Qe2 Rc7 37. Kg2 Kh7 38. Qd1 Kg8 39. Qe2 Kf7 40. Qd1 Ke8 41. Qe2 Kd7 42. Rd1 Kc8 43. Rdd2 Kb7 44. Nc2 Rxb3 45. Rxb3 Bxb3 46. d5 Qc4 47. Qxc4 Bxc4 48. d6 Rd7 49. f3 Bd3 50. Ncd4 Bxd6 51. Kf2 Be5 52. Nb3 Rc7 0-1

[Event "TUR Cup										"]
[Site "Antalya"]
[Date "2018.02.02"]
[Round "10"]
[White "Isik, Engin Yasar"]
[Black "Tepe, Efe Can"]
[Result "1-0"]
[WhiteElo "2179"]
[BlackElo "2055"]
[PlyCount "69"]
[EventDate "2018.01.27"]
[EventType "swiss"]
[EventRounds "11"]
[EventCountry "TUR"]
[SourceTitle "CBM 182 Extra"]
[Source "ChessBase"]
[SourceDate "2018.02.23"]
[SourceVersion "1"]
[SourceVersionDate "2018.02.23"]
[SourceQuality "1"]

1. d4 Nf6 2. c4 g6 3. Nc3 Bg7 4. e4 d6 5. f3 0-0 6. Be3 Nc6 7. Nge2 a6 8. Qd2 Rb8 9. Rc1 Bd7 10. Nd1 Re8 11. g3 b5 12. c5 dxc5 13. Rxc5 e5 14. d5 Ne7 15. Qc1 Rb7 16. Bg2 Nc8 17. 0-0 Nd6 18. b3 Nh5 19. Nf2 f5 20. Qc2 Qe7 21. Rxc7 Rxc7 22. Qxc7 Rc8 23. Qb6 Rc2 24. Nc1 f4 25. Bc5 fxg3 26. hxg3 Bf8 27. Qxd6 Qxd6 28. Bxd6 Bxd6 29. Kh2 Ba3 30. Nfd3 b4 31. Nxe5 Bb5 32. Ncd3 Rd2 33. Rf2 Rd1 34. Nb2 a5 35. Nxd1 1-0

[Event "TUR Cup										"]
[Site "Antalya"]
[Date "2018.01.28"]
[Round "3"]
[White "Bozkurt, Serkan"]
[Black "Isik, Engin Yasar"]
[Result "0-1"]
[WhiteElo "1593"]
[BlackElo "2179"]
[PlyCount "80"]
[EventDate "2018.01.27"]
[EventType "swiss"]
[EventRounds "11"]
[EventCountry "TUR"]
[SourceTitle "CBM 182 Extra"]
[Source "ChessBase"]
[SourceDate "2018.02.23"]
[SourceVersion "1"]
[SourceVersionDate "2018.02.23"]
[SourceQuality "1"]

1. d4 Nf6 2. Nf3 g6 3. g3 Bg7 4. Bg2 0-0 5. c4 d6 6. 0-0 Nbd7 7. Nc3 e5 8. e4 exd4 9. Nxd4 Re8 10. Re1 a6 11. Bf4 Ne5 12. b3 Rb8 13. Rc1 Bg4 14. f3 Bd7 15. Qd2 b5 16. cxb5 axb5 17. Red1 b4 18. Nd5 c5 19. Ne2 Nxd5 20. Qxd5 Bb5 21. Rc2 Rb6 22. Be3 Qb8 23. Nf4 Ra6 24. h4 h6 25. h5 g5 26. Nh3 g4 27. fxg4 Nxg4 28. Bf4 Nf6 29. Qd2 Nxe4 30. Bxe4 Rxe4 31. Qd5 Qe8 32. Nf2 Re6 33. g4 Bc6 34. Qc4 Ra7 35. Rxd6 Rxd6 36. Bxd6 Bd4 37. Qe2 Qd7 38. Bxc5 Qd5 39. Kf1 Bxc5 40. Rd2 Qg2+ 0-1

[Event "TUR Cup										"]
[Site "Antalya"]
[Date "2018.01.27"]
[Round "1"]
[White "Tolon, Adman Devran"]
[Black "Isik, Engin Yasar"]
[Result "1-0"]
[WhiteElo "1719"]
[BlackElo "2179"]
[PlyCount "79"]
[EventDate "2018.01.27"]
[EventType "swiss"]
[EventRounds "11"]
[EventCountry "TUR"]
[SourceTitle "CBM 182 Extra"]
[Source "ChessBase"]
[SourceDate "2018.02.23"]
[SourceVersion "1"]
[SourceVersionDate "2018.02.23"]
[SourceQuality "1"]

1. d4 Nf6 2. Nf3 g6 3. Bf4 Bg7 4. e3 0-0 5. h3 c5 6. c3 b6 7. Nbd2 Bb7 8. Be2 cxd4 9. cxd4 d6 10. 0-0 Nbd7 11. Rc1 Qb8 12. Bh2 Bd5 13. Bc4 Qb7 14. Qe2 a6 15. Rc2 b5 16. Bd3 Qb6 17. Rfc1 Bb7 18. e4 Bh6 19. g4 Ne8 20. g5 Bg7 21. e5 dxe5 22. dxe5 Qe6 23. Be4 Bxe4 24. Qxe4 Rd8 25. Nd4 Qxh3 26. Nc6 Nc5 27. Qf3 Qd7 28. Rxc5 Qxd2 29. Nxd8 Qxd8 30. Qd5 Qa5 31. Rc8 Qb4 32. b3 Qg4+ 33. Qg2 Qf5 34. Ra8 Qd7 35. Qc6 Qg4+ 36. Kh1 Bxe5 37. Bxe5 f6 38. Rxe8 fxe5 39. Rxf8+ Kxf8 40. Qc8+ 1-0

[Event "TUR-chT"]
[Site "Kocaeli"]
[Date "2015.08.14"]
[Round "12.6"]
[White "Gulbas, Cemil"]
[Black "Isik, Engin Yasar"]
[Result "0-1"]
[WhiteElo "2377"]
[BlackElo "2188"]
[PlyCount "60"]
[EventDate "2015.08.04"]
[EventType "team-tourn"]
[EventRounds "13"]
[EventCountry "TUR"]
[SourceTitle "CBM 167 Extra"]
[Source "ChessBase"]
[SourceDate "2015.09.14"]
[SourceVersion "1"]
[SourceVersionDate "2015.09.14"]
[SourceQuality "1"]
[WhiteTeam "Hatay Buyuksehir"]
[BlackTeam "Kahramanmaras Buyuksehir"]
[WhiteTeamCountry "TUR"]
[BlackTeamCountry "TUR"]

1. e4 e6 2. d4 d5 3. Nc3 Nf6 4. Bg5 dxe4 5. Nxe4 Nbd7 6. Nxf6+ Nxf6 7. Nf3 h6 8. Bd2 c5 9. dxc5 Bxc5 10. Bd3 Qb6 11. Qe2 Qxb2 12. 0-0 0-0 13. Rab1 Qxa2 14. Rb3 Qa4 15. Rc3 Bd6 16. Rc4 Qd7 17. Rd1 Nd5 18. Rd4 Qe7 19. c4 Nf6 20. Bxh6 Bc5 21. Rh4 gxh6 22. Qd2 Ne4 23. Bxe4 f5 24. Qxh6 Qg7 25. Qh5 Bd7 26. Bxb7 Rab8 27. Ba6 Rb2 28. Nd2 Ba4 29. Ne4 Bxd1 30. Qxd1 Qd4 0-1

[Event "TUR-chT"]
[Site "Kocaeli"]
[Date "2015.08.05"]
[Round "2.3"]
[White "Isik, Engin Yasar"]
[Black "Keler, Faruk"]
[Result "0-1"]
[WhiteElo "2188"]
[BlackElo "2286"]
[PlyCount "42"]
[EventDate "2015.08.04"]
[EventType "team-tourn"]
[EventRounds "13"]
[EventCountry "TUR"]
[SourceTitle "CBM 167 Extra"]
[Source "ChessBase"]
[SourceDate "2015.09.14"]
[SourceVersion "1"]
[SourceVersionDate "2015.09.14"]
[SourceQuality "1"]
[WhiteTeam "Kahramanmaras Buyuksehir"]
[BlackTeam "Tarsus Zeka"]
[WhiteTeamCountry "TUR"]
[BlackTeamCountry "TUR"]

1. e4 c5 2. Nf3 d6 3. d4 cxd4 4. Nxd4 Nf6 5. Nc3 a6 6. Bc4 e6 7. Bb3 b5 8. 0-0 Be7 9. Qf3 Qb6 10. Be3 Qb7 11. Qg3 0-0 12. Bh6 Ne8 13. Rfe1 Bf6 14. Rad1 Be5 15. f4 Bxd4+ 16. Kh1 Bxc3 17. bxc3 Nd7 18. f5 Ndf6 19. e5 dxe5 20. Rd8 Qe7 21. Red1 exf5 0-1

[Event "Manavgat Turkey Cup"]
[Site "Manavgat"]
[Date "2015.02.05"]
[Round "9"]
[White "Ozen, Deniz"]
[Black "Isik, Engin Yasar"]
[Result "1/2-1/2"]
[WhiteElo "2072"]
[BlackElo "2212"]
[PlyCount "24"]
[EventDate "2015.01.31"]
[EventType "swiss"]
[EventRounds "11"]
[EventCountry "TUR"]
[SourceTitle "CBM 164 Extra"]
[Source "ChessBase"]
[SourceDate "2015.03.02"]
[SourceVersion "1"]
[SourceVersionDate "2015.03.02"]
[SourceQuality "1"]

1. e4 c5 2. Nf3 d6 3. Bb5+ Nd7 4. 0-0 a6 5. Bxd7+ Qxd7 6. d4 cxd4 7. Qxd4 e5 8. Qd3 h6 9. c4 b5 10. Nc3 bxc4 11. Qxc4 Bb7 12. Rd1 Rc8 1/2-1/2

[Event "Manavgat Turkey Cup"]
[Site "Manavgat"]
[Date "2015.02.04"]
[Round "7"]
[White "Yaver, Faik Emre"]
[Black "Isik, Engin Yasar"]
[Result "1/2-1/2"]
[WhiteElo "1936"]
[BlackElo "2212"]
[PlyCount "149"]
[EventDate "2015.01.31"]
[EventType "swiss"]
[EventRounds "11"]
[EventCountry "TUR"]
[SourceTitle "CBM 164 Extra"]
[Source "ChessBase"]
[SourceDate "2015.03.02"]
[SourceVersion "1"]
[SourceVersionDate "2015.03.02"]
[SourceQuality "1"]

1. e4 e6 2. d4 d5 3. Nc3 dxe4 4. Nxe4 Nd7 5. Nf3 Ngf6 6. Nxf6+ Nxf6 7. c3 c5 8. Ne5 a6 9. Bg5 Qc7 10. Qa4+ Nd7 11. Bb5 axb5 12. Qxa8 Nb6 13. Qa5 f6 14. Qxb5+ Nd7 15. Bf4 fxe5 16. Bxe5 Qb6 17. Qxb6 Nxb6 18. 0-0-0 c4 19. d5 Nxd5 20. Rhe1 Kf7 21. Re4 b5 22. Rg4 h5 23. Rg3 Rg8 24. Rf3+ Ke8 25. Rh3 g6 26. Rh4 Be7 27. Re4 Bb7 28. Ree1 Rf8 29. f3 Kd7 30. Kb1 Bd6 31. Rd2 Rf5 32. Bxd6 Kxd6 33. Kc2 h4 34. Re4 g5 35. b3 Ke7 36. Kb2 b4 37. Rxc4 bxc3+ 38. Rxc3 Nxc3 39. Kxc3 h3 40. gxh3 Rxf3+ 41. Kd4 Kf6 42. b4 Ra3 43. Rf2+ Ke7 44. Ke5 Bd5 45. Rc2 Kd7 46. Kf6 Bxa2 47. Kxg5 Bd5 48. h4 Rb3 49. h5 Rxb4 50. h6 Be4 51. Ra2 Rb7 52. Kf6 Bf5 53. Rg2 Kd6 54. Rd2+ Kc5 55. h4 Rh7 56. Kg5 Rh8 57. Rd7 Kc6 58. Rg7 Kd6 59. h5 Ke5 60. Ra7 Rg8+ 61. Rg7 Rh8 62. Ra7 Kd6 63. Rg7 Ke5 64. Ra7 Rg8+ 65. Rg7 Rh8 66. Ra7 Bd3 67. Rd7 Be4 68. Ra7 Rg8+ 69. Rg7 Rf8 70. h7 Rh8 71. Kh6 Kf6 72. Ra7 Bf5 73. Rb7 Re8 74. Rg7 Rh8 75. Ra7 1/2-1/2

[Event "Manavgat Turkey Cup"]
[Site "Manavgat"]
[Date "2015.02.02"]
[Round "4"]
[White "Isik, Engin Yasar"]
[Black "Erdogan, Anil Berk"]
[Result "1-0"]
[WhiteElo "2212"]
[BlackElo "1913"]
[PlyCount "115"]
[EventDate "2015.01.31"]
[EventType "swiss"]
[EventRounds "11"]
[EventCountry "TUR"]
[SourceTitle "CBM 164 Extra"]
[Source "ChessBase"]
[SourceDate "2015.03.02"]
[SourceVersion "1"]
[SourceVersionDate "2015.03.02"]
[SourceQuality "1"]

1. e4 e6 2. d4 d5 3. Nd2 Nf6 4. e5 Nfd7 5. f4 c5 6. Ngf3 Nc6 7. Nb3 cxd4 8. Nfxd4 Nxd4 9. Qxd4 Qc7 10. Be3 Be7 11. c4 f6 12. cxd5 fxe5 13. fxe5 exd5 14. e6 Nf6 15. Bb5+ Kf8 16. Bf4 Qb6 17. Qxb6 axb6 18. Nd4 Bc5 19. Be5 Ke7 20. 0-0 Bxe6 21. Kh1 Rhg8 22. Bxf6+ gxf6 23. Nxe6 Kxe6 24. Rae1+ Kf7 25. a3 Rac8 26. Bd7 Kg7 27. Bxc8 Rxc8 28. Rc1 Rd8 29. Rfd1 Rd7 30. b4 Bf8 31. Rc3 Kf7 32. Re3 Bg7 33. g4 Bh6 34. Rh3 Kg6 35. Rhd3 Rc7 36. Rxd5 Bf4 37. Rf5 Be5 38. Rdf1 Rc2 39. R1f2 Rc3 40. g5 Bd4 41. gxf6 Bxf2 42. f7 Rc1+ 43. Kg2 Rc2 44. Kf1 Kxf5 45. f8Q+ Ke4 46. Qe7+ Kd4 47. Qxh7 Ra2 48. Qf7 Rxa3 49. Qxf2+ Kc4 50. Qxb6 Rb3 51. Qxb7 Rxb4 52. Qc6+ Kd4 53. h4 Rb1+ 54. Kf2 Rb2+ 55. Kg3 Rb3+ 56. Kg4 Ke5 57. Qc5+ Kf6 58. Qg5+ 1-0

[Event "TUR-chT"]
[Site "Kocaeli"]
[Date "2014.08.28"]
[Round "12.1"]
[White "Secer, Ata"]
[Black "Isik, Engin Yasar"]
[Result "0-1"]
[WhiteElo "2319"]
[BlackElo "2232"]
[PlyCount "70"]
[EventDate "2014.08.18"]
[EventType "team-tourn"]
[EventRounds "13"]
[EventCountry "TUR"]
[SourceTitle "CBM 162 Extra"]
[Source "ChessBase"]
[SourceDate "2014.10.17"]
[SourceVersion "1"]
[SourceVersionDate "2014.10.17"]
[SourceQuality "1"]
[WhiteTeam "Denizsu Aquamatch"]
[BlackTeam "Kahramanmaras Buyuksehir"]
[WhiteTeamCountry "TUR"]
[BlackTeamCountry "TUR"]

1. e4 c5 2. Nf3 Nc6 3. d4 cxd4 4. Nxd4 e5 5. Nb5 d6 6. N1c3 a6 7. Na3 b5 8. Nd5 Nge7 9. Bg5 f6 10. Qh5+ g6 11. Nxf6+ Kf7 12. Qh4 h6 13. Nd5 hxg5 14. Qxh8 Qa5+ 15. c3 Bg7 16. Qh7 Be6 17. Nxe7 Nxe7 18. Nc2 Rh8 19. Qxh8 Bxh8 20. Be2 Bf6 21. h3 d5 22. exd5 Nxd5 23. 0-0 Qb6 24. Bg4 Bf5 25. Rac1 Nf4 26. Ne3 Bxg4 27. hxg4 Ne2+ 28. Kh2 Qd8 29. g3 Nxc1 30. Rxc1 Qd2 31. Rc2 Qe1 32. c4 bxc4 33. Nxc4 Be7 34. Ne3 Bc5 35. Nc4 Ke6 0-1

[Event "TUR-chT"]
[Site "Kocaeli"]
[Date "2014.08.26"]
[Round "10.4"]
[White "Yilmazyerli, Mert"]
[Black "Isik, Engin Yasar"]
[Result "1-0"]
[WhiteElo "2454"]
[BlackElo "2232"]
[PlyCount "101"]
[EventDate "2014.08.18"]
[EventType "team-tourn"]
[EventRounds "13"]
[EventCountry "TUR"]
[SourceTitle "CBM 162 Extra"]
[Source "ChessBase"]
[SourceDate "2014.10.17"]
[SourceVersion "1"]
[SourceVersionDate "2014.10.17"]
[SourceQuality "1"]
[WhiteTeam "TS Alyans"]
[BlackTeam "Kahramanmaras Buyuksehir"]
[WhiteTeamCountry "TUR"]
[BlackTeamCountry "TUR"]

1. d4 Nf6 2. Bg5 e6 3. e4 h6 4. Bxf6 Qxf6 5. c3 b6 6. Bd3 Bb7 7. Ne2 d6 8. 0-0 Nd7 9. Nd2 h5 10. f4 Qe7 11. e5 g6 12. Be4 d5 13. Bd3 Bh6 14. Nf3 0-0-0 15. Qa4 Kb8 16. b4 c6 17. Qd1 b5 18. a4 a6 19. Nd2 g5 20. f5 g4 21. f6 Be3+ 22. Kh1 Qf8 23. Nb3 Kc7 24. Qc2 Qh6 25. Nc5 Ra8 26. Nc1 Bxc1 27. Qxc1 Qxc1 28. Rfxc1 Nxc5 29. bxc5 Rag8 30. Kg1 g3 31. h3 Ra8 32. a5 h4 33. Kf1 Rh6 34. Ke2 Bc8 35. Rab1 Bd7 36. Ke3 Rah8 37. Rf1 Be8 38. Rf4 Bd7 39. Rg4 Kd8 40. Rg7 Ke8 41. Rf1 Kf8 42. Rf4 Be8 43. Rfg4 Bd7 44. Kf4 Be8 45. Kf3 Bd7 46. R4g5 Be8 47. Kg4 Bd7 48. Bg6 fxg6 49. Rxd7 R8h7 50. Rd8+ Kf7 51. Rc8 1-0

[Event "TUR-chT"]
[Site "Kocaeli"]
[Date "2014.08.23"]
[Round "7.3"]
[White "Isik, Engin Yasar"]
[Black "Keler, Faruk"]
[Result "0-1"]
[WhiteElo "2232"]
[BlackElo "2242"]
[PlyCount "70"]
[EventDate "2014.08.18"]
[EventType "team-tourn"]
[EventRounds "13"]
[EventCountry "TUR"]
[SourceTitle "CBM 162 Extra"]
[Source "ChessBase"]
[SourceDate "2014.10.17"]
[SourceVersion "1"]
[SourceVersionDate "2014.10.17"]
[SourceQuality "1"]
[WhiteTeam "Kahramanmaras Buyuksehir"]
[BlackTeam "Ankara Demirspor"]
[WhiteTeamCountry "TUR"]
[BlackTeamCountry "TUR"]

1. e4 c5 2. Nf3 d6 3. d4 cxd4 4. Nxd4 Nf6 5. Nc3 a6 6. Bc4 e6 7. Bb3 b5 8. 0-0 Be7 9. Qf3 Qb6 10. Be3 Qb7 11. Qg3 0-0 12. Bh6 Ne8 13. Rfe1 Bd7 14. Rad1 Nc6 15. Bg5 Nf6 16. Nxc6 Bxc6 17. Bxf6 Bxf6 18. Rxd6 b4 19. Na4 Be7 20. Rd4 Rad8 21. c3 Rxd4 22. cxd4 Qd7 23. Nc5 Qxd4 24. Nxa6 Rc8 25. Qe3 Qxe3 26. fxe3 Bb7 27. Nxb4 Bxb4 28. Rd1 Bc5 29. Kf2 Bxe4 30. Rd2 Be7 31. Bd1 Rd8 32. Rxd8+ Bxd8 33. b4 Be7 34. b5 Bc5 35. a4 Bb6 0-1